THE AYURVEDIC FORMULARY OF INDIA (Record no. 8632)

MARC details
000 -LEADER
fixed length control field 00365nam a22001457a 4500
003 - CONTROL NUMBER IDENTIFIER
control field SGT
082 ## - DEWEY DECIMAL CLASSIFICATION NUMBER
Classification number 415
Item number A03M
100 ## - MAIN ENTRY--PERSONAL NAME
Personal name MINISTRY OF HEALTH & FAMILY WELFARE.
245 ## - TITLE STATEMENT
Title THE AYURVEDIC FORMULARY OF INDIA
250 ## - EDITION STATEMENT
Edition statement 2ND
260 ## - PUBLICATION, DISTRIBUTION, ETC. (IMPRINT)
Place of publication, distribution, etc DELHI
Name of publisher, distributor, etc MINISTRY OF HEALTH & FAMILY WELFARE.
Year of Publication 2003
300 ## - PAGE DESCRIPTION
No. of Pages 488
650 ## - SUBJECT ADDED ENTRY--TOPICAL TERM
Topical term or geographic name as entry element AYURVEDA FORMULARY
942 ## - ADDED ENTRY ELEMENTS (KOHA)
Source of classification or shelving scheme Dewey Decimal Classification
Koha item type Books
942 ## - ADDED ENTRY ELEMENTS (KOHA)
-- 2
Holdings
Withdrawn status Lost status Source of classification or shelving scheme Damaged status Use restrictions Not for loan Collection code Home library Current library Shelving location Date acquired Vendor Name Cost, normal purchase price Volume Information (Serial or Books or Non-Book Material) SGTU Bill Number Total Checkouts Full call number Accession No. (Barcode) Date last seen Date last borrowed Bill Date Koha item type
    Dewey Decimal Classification   Restricted Access   AYURVEDA SGT FA-FP Library SGT FA-FP Library Reference Book 28/03/2016 C.C.R.A.S 500.00 1 SGTU 14296 2 415 A03M FA4566 23/09/2023 23/09/2023 13/01/2016 Books
    Dewey Decimal Classification   Restricted Access   AYURVEDA SGT FA-FP Library SGT FA-FP Library Reference Book 28/03/2016 C.C.R.A.S 500.00 1 SGTU 14296   415 A03M FA4567 28/03/2016   13/01/2016 Books
    Dewey Decimal Classification   Restricted Access   AYURVEDA SGT FA-FP Library SGT FA-FP Library Reference Book 28/03/2016 C.C.R.A.S 500.00 1 SGTU 14296   415 A03M FA4568 28/03/2016   13/01/2016 Books